La intervención estatal dentro del campo económico durante el periodo oligárquico

Zapisane w:
Opis bibliograficzny
1. autor: Vega Carballo, José Luis
Format: Texto
Wydane: San José :
Etykiety: Dodaj etykietę
Nie ma etykietki, Dołącz pierwszą etykiete!

MARC

LEADER 00000 a a2200000 04500
001 15721
003
040
090 |a 014400  
100 |a Vega Carballo, José Luis  
245 |a La intervención estatal dentro del campo económico durante el periodo oligárquico  
260 |a San José :  
300 |a 20 p.  
999 |c 12186  |d 12186